00976cam a2200277 a 450000100100000000500170001000800410002702000150006804000250008308200260010810000410013424500590017525000110023426000320024530000280027749000290030550400530033465000280038765000290041570000380044483000370048291000280051991000070054795201290055499900150068300000550220200929151707.0940223s1998 sp a b 000 p spa  a8437609100 aDO-SdBNPbspacBNPHU aPe861.42bV182t, 19981 aVallejo, César,d1892-1938.91558810aTrilce /cCésar Vallejo ; edición de Julio Ortega. a3a ed. aMadrid :bCátedra,c1998. a389 p. :bil. ;c18 cm.1 aLetras hispánicasv321 aIncluye referencias bibliográficas (p. 31-39). 4aPoesía peruana915589 4aLiteratura peruana931401 aOrtega, Julio,d1942-,eed.98984 0aLetras hispánicas ;v32194208 aCatalogación derivada aWM 001052708MOaGRbGRcHDd2009-08-19iLF1l0oPe861.42 V182t, 1998p5502-10r2020-06-25w2020-06-25y2ZPréstamo interno c5301d5301